• 首页
  • 本馆介绍
  • 公告通知
  • 最新文献
  • 馆藏检索
  • 电子资源
  • 读者导购
  • 参考咨询
  • 我的图书馆
  • 登录
  • 详细信息显示
  • 放入我的书架
  • 预约/预借图书
  • 作者相关作品
  • 分类相关作品
  • 丛书相关作品
  • 出版社相关作品

书目信息

  • 表格格式
  • 工作单格式
  • 卡片格式
题名:
多元智能与课程整合
    
 
作者: 罗宾·福格蒂 著
分册:  
出版信息: 北京   教育科学出版社  2004.05
页数: 228页
开本: 24cm
丛书名: 多元智能新视点丛书
单 册:
中图分类: G632.421
科图分类:
主题词: 课堂教学--教学法--中小学 , 课堂教学
电子资源:
ISBN: 7-5041-2754-X
000 01050nam0 2200265 45
001 012004015797
005 20040830083937.0
010    @a7-5041-2754-X@dCNY24.00
100    @a20041109d2004 aemy0chiy50 ea
101 1  @achi@ceng
102    @aCN@b110000
105    @af z 000yy
200 1  @a多元智能与课程整合@Aduo yuan zhi neng yu ke cheng zheng he@dIntegrating Curricula With Multiple Intelligences:Teams,Themes,and Thrdads@f(美)罗宾·福格蒂,(美)朱迪·斯托尔著@F(mei)luo bin·fu ge di,(mei)zhu di·si tuo er zhu@zeng
210    @a北京@c教育科学出版社@d2004.05
215    @a228页@c图@d24cm
225 2  @a多元智能新视点丛书@9Duo Yuan Zhi Neng Xin Shi Dian Cong Shu@f吴志宏主编
410  0 @12001 @a多元智能新视点丛书
510 1  @aIntegrating Curricula With Multiple Intelligences:Teams,Themes,and Thrdads@zeng
606 0  @a课堂教学@x教学法@x中小学
606 0  @a课堂教学
690    @aG632.421@v4
701  0 @a罗宾·福格蒂@Aluo bin·fu ge di@4著
801  0 @aCN@bBZT@c20041109
905    @aBZT@dG632.421@e1@f6
906    @dCNY24.00@n0@r1
    
    多元智能与课程整合=Integrating Curricula With Multiple Intelligences:Teams,Themes,and Thrdads/(美)罗宾·福格蒂,(美)朱迪·斯托尔著.-北京:教育科学出版社,2004.05
    228页:图;24cm.-(多元智能新视点丛书/吴志宏主编)
    
    
    ISBN 7-5041-2754-X:CNY24.00
    
●
相关链接 在五车中查询图书 在当当中查询图书 在豆瓣中查询图书


正题名:多元智能与课程整合     索取号:G632.421/1         预约/预借

序号 登录号 条形码 馆藏地/架位号 状态 备注
1 0373836   200916474   样本书库/样007架B面4层2列/ [索取号:G632.421/1] 在馆    
2 0373837   200916447   中心书库北库/ 北库030架A面3列6层18/ [索取号:G632.421/1] 在馆    
3 0373838   200916456   中心书库北库/ 北库030架A面3列6层17/ [索取号:G632.421/1] 在馆    
4 0373839   200916429   中心书库北库/ 北库030架A面3列6层19/ [索取号:G632.421/1] 在馆    
5 0373840   200916438   中心书库北库/ 北库030架A面3列6层15/ [索取号:G632.421/1] 在馆    
6 0373841   200916401   中心书库北库/ 北库030架A面3列6层16/ [索取号:G632.421/1] 在馆    
山东省滨州职业学院图书馆 欢迎您!
大连网信软件有限公司© 版权所有